000 00567nam a22001217a 4500
040 _cHS
082 _a338
110 _aការិយាល័យបណ្តុះបណ្តាល និងអភិវឌ្ឍន៍សហគមន៍
245 _aការប្រើប្រាស់ ថែទាំ ជួសជុល គោយន្តឧបករណ៍កសិកម្ម
260 _aCambodia
_bការិយាល័យបណ្តុះបណ្តាល និងអភិវឌ្ឍន៍សហគមន៍
_c2009
300 _a25p;
942 _cKB
999 _c9336
_d9336